| 000 | 00400nam a22001697a 4500 | ||
|---|---|---|---|
| 005 | 20231207102954.0 | ||
| 008 | 231207b |||||||| |||| 00| 0 eng d | ||
| 020 | _a978-969-416-000-6 | ||
| 082 |
_a891.4391 _bIQB |
||
| 100 | _aIqbal | ||
| 245 |
_aKulyat e Iqbal _hUrdu |
||
| 250 | _a11th ed. | ||
| 260 |
_aLahore _bIqbal Academy _c2013 |
||
| 300 | _a754 | ||
| 650 | _aLiterature/Urdu | ||
| 999 |
_c34816 _d34816 |
||